| 000 | 01917nam0a2200445 4500 | ||
|---|---|---|---|
| 001 | RU\NLR\bibl\1029303 | ||
| 005 | 20260628211836.0 | ||
| 010 |
_a5-7464-1383-6 _9500 |
||
| 021 |
_aRU _b2006-75715 _93831 |
||
| 035 | _a(nilc)EL/0000085774 | ||
| 035 | _aRU\LSL\Books\2506796 | ||
| 035 | _a(NLR Aleph) 001016783 | ||
| 090 |
_a673077 _c673077 |
||
| 100 | _a20060911d2006 |||y0rusy50 ca | ||
| 101 | 0 |
_arus _deng |
|
| 102 | _aRU | ||
| 105 | _ay z ||||| | ||
| 200 | 1 |
_aКонфуцианское учение и маоизм _eиз истории социально-политической теории и практики Китая в XX веке _fД.Е. Мартынов |
|
| 210 |
_aКазань _cИзд-во Казанского университета _d2006 |
||
| 215 |
_a363, [4] с. _d21 |
||
| 300 | _aНа 4-й с. обл. авт.: Мартынов Д.Е., к.ист.н. | ||
| 300 | _aРез. на англ. яз. | ||
| 320 | _aБиблиогр.: с. 319-363 и в подстроч. примеч. | ||
| 606 | 1 |
_aМаоизм _91020065 _3RU\NLR\auth\66389666 |
|
| 606 |
_aИдеология _yКитайская Народная Республика _92456164 _3RU\NLR\auth\661459909 |
||
| 606 |
_aНеоконфуцианство _3RU\NLR\auth\66751912 _91691303 |
||
| 686 |
_aЭ341 _vLBC/SL _2rubbk |
||
| 686 |
_aТ3(5Кит)63-72 _vLBC/RL _2rubbk |
||
| 686 |
_aЮ3(5Кит) _vLBC/SL _2rubbk |
||
| 686 |
_a21.15.45 _2rugasnti |
||
| 686 |
_a03.19 _2rugasnti |
||
| 686 | _aЮ3(5Кит)3-220 | ||
| 686 | _aТ3(5Кит)7-72 | ||
| 700 | 1 |
_4070 _7ca _8rus _aМартынов _bД. Е. _cд-р ист. наук _f1980- _gДмитрий Евгеньевич _970997 _3RU\NLR\AUTH\7788069 |
|
| 801 | 0 |
_aRU _bНБ Казанского ГУ _c20060911 _gPSBO |
|
| 801 | 1 |
_aRU _bНБ Казанского ГУ _c20061003 _gPSBO |
|
| 801 | 2 |
_aRU _bNLR _c20070111 _grcr |
|
| 942 | _cBOOK | ||
| 980 | _aNB | ||